| 000 | 00000nam 2200000zi 4500 |
| 001 | 9.950906 |
| 003 | CaOODSP |
| 005 | 20250521125340 |
| 006 | m o d f |
| 007 | cr mn||||||||| |
| 008 | 250507e202505 onc ob f000 0 fre d |
| 020 | |a9780660772035 |q(déclaration) |
| 020 | |a9780660772042 |q(sommaire) |
| 040 | |aCaOODSP|bfre|erda|cCaOODSP |
| 043 | |an-cn--- |
| 086 | 1 |aHP40-389/2025F-PDF |
| 086 | 1 |aHP40-389/2025-1F-PDF |
| 245 | 00|aRéponse rapide du CCNI : |bmise à jour des directives sur l'utilisation d'ImvamuneMD pour la prévention de la mpox. |
| 264 | 1|aOttawa (Ontario) : |bAgence de la santé publique du Canada = Public Health Agency of Canada, |cmai 2025. |
| 264 | 4|c©2025 |
| 300 | |a1 ressource en ligne (30 pages) + |esommaire (6 pages) |
| 336 | |atexte|btxt|2rdacontent/fre |
| 337 | |ainformatique|bc|2rdamedia/fre |
| 338 | |aressource en ligne|bcr|2rdacarrier/fre |
| 500 | |aPublié aussi en anglais sous le titre : NACI rapid response : updated guidance on the use of Imvamune® for the prevention of mpox. |
| 500 | |aSur la couverture : Une déclaration du comité consultatif (DCC), Comité consultatif national de l'immunisation (CCNI). |
| 500 | |a« Pub. : 250052. » |
| 500 | |a« Pub.: 250054. » |
| 504 | |aComprend des références bibliographiques (pages 26-30). |
| 650 | 6|aVariole simienne humaine|xVaccination|zCanada. |
| 650 | 6|aVariole simienne humaine|xVaccination|xPolitique gouvernementale|zCanada. |
| 710 | 2 |aAgence de santé publique du Canada, |eorganisme de publication. |
| 710 | 1 |aCanada. |bComité consultatif national de l'immunisation, |eorganisme de publication. |
| 775 | 08|tNACI rapid response : |w(CaOODSP)9.950905 |
| 856 | 40|qPDF|s626 Ko|uhttps://publications.gc.ca/collections/collection_2025/aspc-phac/HP40-389-2025-fra.pdf|z(déclaration) |
| 856 | 40|qPDF|s259 Ko|uhttps://publications.gc.ca/collections/collection_2025/aspc-phac/HP40-389-2025-1-fra.pdf|z(sommaire) |
| 856 | 4 |qHTML|sS.O.|uhttps://www.canada.ca/fr/sante-publique/services/publications/vaccins-immunisation/comite-consultatif-national-immunisation-resume-reponse-rapide-mise-a-jour-directives-utilisation-imvamune-prevention-mpox.html|z(sommaire) |